Online katalóg knižníc regiónu Turca

Rinaldo Rinaldini, čiže, Odvážne kúsky a pohnuté osudy slávneho zbojníckeho náčelníka v dvoch častiach alebo osemnástich hlavách (Record no. 21103)

MARC details
000 -LEADER
fixed length control field 02303cam a2200589 a 4500
001 - CONTROL NUMBER
control field 21103
003 - CONTROL NUMBER IDENTIFIER
control field VRT
005 - DATE AND TIME OF LATEST TRANSACTION
control field 20260213135950.0
008 - FIXED-LENGTH DATA ELEMENTS--GENERAL INFORMATION
fixed length control field 240226s1971 xo a j 000 1 slo
015 ## - NATIONAL BIBLIOGRAPHY NUMBER
National bibliography number SNBA1971/01-00270
020 ## - INTERNATIONAL STANDARD BOOK NUMBER
Qualifying information (viaz.)
035 ## - SYSTEM CONTROL NUMBER
System control number SNK000372613
035 ## - SYSTEM CONTROL NUMBER
System control number 78CDD6F5-3813-474D-B1B1-7C2644E491D0
035 ## - SYSTEM CONTROL NUMBER
System control number urn:nbn:sk:snk-am00ihnv
039 #9 - LEVEL OF BIBLIOGRAPHIC CONTROL AND CODING DETAIL [OBSOLETE]
Level of rules in bibliographic description 202402262119
Level of effort used to assign nonsubject heading access points VLOAD
Level of effort used to assign subject headings 202305011840
Level of effort used to assign classification VLOAD
Level of effort used to assign subject headings 202304281441
Level of effort used to assign classification VLOAD
Level of effort used to assign subject headings 202304281106
Level of effort used to assign classification VLOAD
040 ## - CATALOGING SOURCE
Original cataloging agency SNK
Language of cataloging slo
Transcribing agency SNK
Description conventions AACR2
041 0# - LANGUAGE CODE
Language code of text/sound track or separate title slo
044 ## - COUNTRY OF PUBLISHING/PRODUCING ENTITY CODE
MARC country code xo
ISO country code SK
072 #7 - SUBJECT CATEGORY CODE
Subject category code 821.162.4-3
Subject category code subdivision Slovenská próza
Source konspekt
080 ## - UNIVERSAL DECIMAL CLASSIFICATION NUMBER
Universal Decimal Classification number 821.162.4-3
Edition identifier 2001
080 ## - UNIVERSAL DECIMAL CLASSIFICATION NUMBER
Universal Decimal Classification number (0:82-311.3)
Edition identifier 2001
080 ## - UNIVERSAL DECIMAL CLASSIFICATION NUMBER
Universal Decimal Classification number 821.162.4-31
Edition identifier 2001
080 ## - UNIVERSAL DECIMAL CLASSIFICATION NUMBER
Universal Decimal Classification number 82-93
Edition identifier 2001
100 1# - MAIN ENTRY--PERSONAL NAME
Personal name Ferko, Milan,
Dates associated with a name 1929-2010
Relationship aut
245 10 - TITLE STATEMENT
Title Rinaldo Rinaldini, čiže, Odvážne kúsky a pohnuté osudy slávneho zbojníckeho náčelníka v dvoch častiach alebo osemnástich hlavách
Statement of responsibility, etc. s použitím motívov Ch.A. Vulpiusa napísal Milan Ferko ; [ilustroval František Šesták]
246 30 - VARYING FORM OF TITLE
Title proper/short title Odvážne kúsky a pohnuté osudy slávneho zbojníckeho náčelníka
250 ## - EDITION STATEMENT
Edition statement 1. vyd.
260 ## - PUBLICATION, DISTRIBUTION, ETC.
Place of publication, distribution, etc. Bratislava
Name of publisher, distributor, etc. Mladé letá
Date of publication, distribution, etc. 1971
Place of manufacture Martin
Manufacturer Tlačiarne SNP
300 ## - PHYSICAL DESCRIPTION
Extent 268 s.
Other physical details ilustr.
Dimensions 21 cm
366 ## - TRADE AVAILABILITY INFORMATION
Note 24000 výtl.
490 1# - SERIES STATEMENT
Series statement Klub mladých čitateľov
500 ## - GENERAL NOTE
General note Vysvetlivky, výslovnosť cudzích slov, ilustrácie na frontispice a predsádkach
521 1# - TARGET AUDIENCE NOTE
Target audience note Pre čitateľov od 13 rokov
600 17 - SUBJECT ADDED ENTRY--PERSONAL NAME
Personal name Rinaldini, Rinaldo,
Dates associated with a name 1797-1800
Source of heading or term SNKMA
655 #7 - INDEX TERM--GENRE/FORM
Genre/form data or focus term slovenské romány
Source of term SNKPH
655 #7 - INDEX TERM--GENRE/FORM
Genre/form data or focus term dobrodružné romány
Source of term SNKPH
655 #7 - INDEX TERM--GENRE/FORM
Genre/form data or focus term literatúra pre mládež
Source of term SNKPH
655 #7 - INDEX TERM--GENRE/FORM
Genre/form data or focus term Slovak fiction
Source of term SNKPHeng
655 #7 - INDEX TERM--GENRE/FORM
Genre/form data or focus term Adventure novels
Source of term SNKPHeng
655 #7 - INDEX TERM--GENRE/FORM
Genre/form data or focus term Children's and juvenile literature
Source of term SNKPHeng
700 1# - ADDED ENTRY--PERSONAL NAME
Personal name Šesták, František,
Dates associated with a name 1935-2004
Relationship ill
830 #0 - SERIES ADDED ENTRY--UNIFORM TITLE
Uniform title Klub mladých čitateľov
910 ## - USER-OPTION DATA (OCLC)
User-option data snk
942 ## - ADDED ENTRY ELEMENTS (KOHA)
Source of classification or shelving scheme Dewey Decimal Classification
Koha item type Krásna literatúra pre dospelých
Suppress in OPAC No
949 ## - LOCAL PROCESSING INFORMATION (OCLC)
6 3830001040257
a kurukT18/FERK1-9
b kuruk2010/F369
949 ## - LOCAL PROCESSING INFORMATION (OCLC)
6 2889178275
a savukS 51887
949 ## - LOCAL PROCESSING INFORMATION (OCLC)
a snklmMK 6421
949 ## - LOCAL PROCESSING INFORMATION (OCLC)
6 17A0309675
a snkSC 27002
b snkKSP 1581/71
s 6100:20220317
949 ## - LOCAL PROCESSING INFORMATION (OCLC)
6 17A0357939
a snkSC 27002 D1
b snkF 1198/2002
949 ## - LOCAL PROCESSING INFORMATION (OCLC)
6 270001000480781
a svkbbS 10975
b svkbbm 227627
Holdings
Stav vyradenia Strata Poškodenie Spôsob nadobudnutia Domovská knižnica Aktuálna knižnica Dátum nadobudnutia Total checkouts Čiarový kód exemplára Date last seen Typ exemplára
      Dar Obecná knižnica Horná Štubňa Obecná knižnica Horná Štubňa 02.04.2026   4736202153 02.04.2026 Krásna literatúra pre dospelých
Projekt je podporený Slovenskou asociáciou knižníc
Prevádzkuje Turčianska knižnica Martin 2026